000 00656nam a22002177a 4500
003 UA-OsUOA
001 84783
007 ta
008 20120608b un ||||| |||| 00| 0 ukr d
090 _a26/28
_bН34
942 _cBK
040 _aUA-OsUOA
_bukr
_cUA-OsUOA
_dUA-OsUOA
245 _aНаука про святу літургію ухвалена Всеукраїнськими церковними соборами 1629 і 1640 років
300 _a105 с.
955 _a3
041 _aukr
080 _a26/28
260 _aВінніпег
_c1962
650 7 _a26 Християнська Церква загалом
_2UDC
999 _c371094
_d371094